[Event "Guernsey Holiday"]
[Site "Guernsey GCI"]
[Date "2006.10.15"]
[Round "1"]
[White "Stanners, Michael J"]
[Black "Ruigrok, Jacques"]
[Result "1-0"]
[WhiteElo "1624"]
[BlackElo "1758"]
[PlyCount "113"]
[EventDate "2006.10.15"]
[SourceDate "2006.11.12"]

1. d4 Nf6 2. e3 e6 3. Bd3 d5 4. f4 c5 5. c3 Nc6 6. Nf3 Be7 7. Ne5 Bd7 8. Nd2
Rc8 9. O-O Qc7 10. Qf3 O-O 11. Qh3 g6 12. g4 Rce8 13. Qg3 Bd6 14. h4 Kg7 15. h5
Bc8 16. Ndf3 Ne4 17. Qh4 Be7 18. Qh2 f5 19. g5 Rh8 20. h6+ Kg8 21. Bd2 Bd6 22.
Nxc6 bxc6 23. Rfc1 c4 24. Bc2 Nxd2 25. Qxd2 Ba6 26. b3 Kf7 27. bxc4 Bxc4 28.
Bb3 Bxb3 29. axb3 Rb8 30. b4 Rb5 31. Ra6 Ra8 32. Rca1 Rb6 33. R6a5 Rb7 34. Ne5+
Bxe5 35. dxe5 Ke7 36. Qd4 Kd8 37. Qc5 Kd7 38. Ra6 Rb6 39. Kf2 Rb5 40. Qd4 c5
41. bxc5 Qxc5 42. Qxc5 Rxc5 43. Rxa7+ Rxa7 44. Rxa7+ Rc7 45. Ra3 Rc4 46. Ke2
Rc7 47. Kd3 Rc4 48. Ra8 Rc8 49. Rxc8 Kxc8 50. c4 dxc4+ 51. Kxc4 Kd7 52. Kb5 Kc7
53. Kc5 Kd7 54. Kb6 Kd8 55. Kc6 Ke7 56. Kc7 Ke8 57. Kd6 1-0

[Event "Guernsey Holiday"]
[Site "Guernsey GCI"]
[Date "2006.10.15"]
[Round "1"]
[White "Gibson, John"]
[Black "O'Connor, Jonathan"]
[Result "1-0"]
[WhiteElo "1744"]
[BlackElo "1605"]
[PlyCount "43"]
[EventDate "2006.10.15"]
[SourceDate "2006.11.12"]

1. d4 c5 2. d5 d6 3. e4 Nd7 4. Nf3 Nb6 5. a4 a5 6. Nc3 Nf6 7. h3 g6 8. Bg5 Bg7
9. Qd2 O-O 10. Be2 Bd7 11. O-O Qc7 12. Rfe1 Rfd8 13. Bf1 Be8 14. Nb5 Bxb5 15.
Bxb5 Kf8 16. c4 Nfd7 17. Rad1 Nb8 18. Bh6 Na6 19. Qc3 f6 20. Ng5 Bxh6 21. Ne6+
Kf7 22. Nxc7 1-0

[Event "Guernsey Holiday"]
[Site "Guernsey GCI"]
[Date "2006.10.15"]
[Round "1"]
[White "Dokter, Marike"]
[Black "Nalichowski, Sebastian"]
[Result "0-1"]
[WhiteElo "1601"]
[BlackElo "1740"]
[PlyCount "56"]
[EventDate "2006.10.15"]
[SourceDate "2006.11.12"]

1. e4 e6 2. d4 c5 3. Nc3 cxd4 4. Qxd4 Nc6 5. Qd1 Bb4 6. Bd2 Nf6 7. Bd3 Ne5 8.
Nge2 O-O 9. Bg5 h6 10. Bh4 Ng6 11. Bg3 Nh5 12. a3 Nxg3 13. hxg3 Bc5 14. Qd2 Qb6
15. Nd1 a5 16. f4 d6 17. f5 Ne5 18. f6 Ng4 19. fxg7 Kxg7 20. e5 Bf2+ 21. Kf1
Be3 22. Qc3 dxe5 23. Rh4 f5 24. Rxg4+ fxg4+ 25. Ke1 Bd4 26. Nxd4 Qxd4 27. Qd2
Qg1+ 28. Ke2 Qxg2+ 0-1

[Event "Guernsey Holiday"]
[Site "Guernsey GCI"]
[Date "2006.10.15"]
[Round "1"]
[White "Paardekam, Rene"]
[Black "Naldrett, Geoffrey W"]
[Result "1-0"]
[WhiteElo "1732"]
[BlackElo "1568"]
[PlyCount "45"]
[EventDate "2006.10.15"]
[SourceDate "2006.11.12"]

1. e4 c6 2. d4 d5 3. Nc3 dxe4 4. Nxe4 Bf5 5. Ng3 Bg6 6. Nf3 e6 7. Bd3 Bxd3 8.
Qxd3 Nf6 9. O-O Qc7 10. Bd2 Nbd7 11. c4 Be7 12. Rfe1 O-O 13. Rac1 Rfe8 14. d5
Nc5 15. Qd4 exd5 16. cxd5 Nxd5 17. Rxe7 Nxe7 18. Qxc5 Rad8 19. Qxa7 Ra8 20. Qc5
Rxa2 21. Nh5 Rf8 22. Qc3 f6 23. Qc4+ 1-0

[Event "Guernsey Holiday"]
[Site "Guernsey GCI"]
[Date "2006.10.15"]
[Round "1"]
[White "Van Rooijen, Gerardus C"]
[Black "Carlucci, Paul A"]
[Result "0-1"]
[WhiteElo "1589"]
[BlackElo "1728"]
[PlyCount "138"]
[EventDate "2006.10.15"]
[SourceDate "2006.11.12"]

1. d4 Nf6 2. c4 e6 3. Nc3 b6 4. Nf3 Bb7 5. e3 Be7 6. Bd3 O-O 7. O-O d5 8. cxd5
exd5 9. Bd2 Nbd7 10. Rc1 c5 11. b3 Ne4 12. Be1 Rc8 13. Nd2 Nxc3 14. Rxc3 cxd4
15. Rxc8 Qxc8 16. exd4 Nf6 17. Nf3 Ne4 18. Bd2 f6 19. Re1 Bd6 20. Qc2 Qd7 21.
Qd1 Rc8 22. Qe2 Bc6 23. Rc1 Re8 24. Re1 Re7 25. Qd1 Qe8 26. g3 Nxd2 27. Qxd2
Rxe1+ 28. Qxe1 Qxe1+ 29. Nxe1 Kf7 30. Nc2 g6 31. Ne3 f5 32. f4 Bb4 33. Kf2 a5
34. Ke2 Bd6 35. Bc2 Bb4 36. Bd3 Be7 37. a4 Bf6 38. Nc2 Ke6 39. Kf3 Be8 40. h3
h6 41. g4 fxg4+ 42. hxg4 h5 43. f5+ gxf5 44. Bxf5+ Kd6 45. gxh5 Bxh5+ 46. Ke3
Bg5+ 47. Kd3 Bd1 48. Kc3 Bc1 49. Ne1 Ke7 50. Nd3 Be3 51. Bh3 Bf3 52. Ne5 Be4
53. Bf1 Kd6 54. Nd3 Bf3 55. Ne1 Bg4 56. Nd3 Bd7 57. Ne5 Bf2 58. Nf3 Bg4 59. Ne5
Be1+ 60. Kc2 Bf5+ 61. Kd1 Bc3 62. Nf3 Be4 63. Ng5 Bf5 64. Nf3 Ba1 65. Kd2 Be4
66. Ng5 Bb1 67. Ke3 Bb2 68. Bh3 Bc1+ 69. Ke2 Bxg5 0-1

[Event "Guernsey Holiday"]
[Site "Guernsey GCI"]
[Date "2006.10.15"]
[Round "1"]
[White "Finch, Russell"]
[Black "Ince, Darren"]
[Result "0-1"]
[WhiteElo "1725"]
[BlackElo "1528"]
[PlyCount "42"]
[EventDate "2006.10.15"]
[SourceDate "2006.11.12"]

1. e4 e6 2. d4 d5 3. Nc3 Bb4 4. e5 c5 5. a3 Bxc3+ 6. bxc3 Nc6 7. Qg4 Nge7 8.
Qxg7 Rg8 9. Qxh7 cxd4 10. f4 dxc3 11. Nf3 Qb6 12. Ng5 Nd4 13. Qxf7+ Kd8 14. Bd3
Bd7 15. a4 a5 16. Ba3 Re8 17. Qf6 Bxa4 18. Bxe7+ Rxe7 19. Qf8+ Kd7 20. Qxa8
Nxc2+ 21. Bxc2 Qe3+ 0-1

[Event "Guernsey Holiday"]
[Site "Guernsey GCI"]
[Date "2006.10.15"]
[Round "1"]
[White "Collier, Michael J"]
[Black "Forbes, Garry"]
[Result "1-0"]
[WhiteElo "1536"]
[BlackElo "1700"]
[PlyCount "113"]
[EventDate "2006.10.15"]
[SourceDate "2006.11.12"]

1. d4 g6 2. c4 d6 3. e3 Bg7 4. Nc3 Nd7 5. Nf3 e5 6. dxe5 dxe5 7. Be2 f5 8. e4
f4 9. O-O Nh6 10. Qd5 Nf7 11. Qe6+ Qe7 12. Qxe7+ Kxe7 13. Nd5+ Kd8 14. Rd1 c6
15. Nb4 Kc7 16. b3 Nc5 17. Nd2 Rd8 18. Bb2 a5 19. Nc2 Be6 20. Ne1 Rd7 21. f3
Rad8 22. Nf1 g5 23. Rxd7+ Rxd7 24. Rd1 Rxd1 25. Bxd1 Bf8 26. Bc2 Bd6 27. Kf2 b5
28. cxb5 cxb5 29. Ke2 a4 30. Nd2 axb3 31. axb3 Kc6 32. Nd3 Nxd3 33. Kxd3 h5 34.
h3 g4 35. hxg4 hxg4 36. Bd1 g3 37. Be2 Bb4 38. Bc3 Kc5 39. Kc2 Bxc3 40. Kxc3
b4+ 41. Kc2 Nd6 42. Ba6 Nb5 43. Kd3 Bh3 44. Ke2 Bxg2 45. Bxb5 Kxb5 46. Nc4 Kc5
47. Nxe5 Kd4 48. Nd3 Bf1+ 49. Kxf1 Kxd3 50. e5 Ke3 51. Kg2 Kd3 52. e6 Kc3 53.
e7 Kxb3 54. e8=Q Ka3 55. Qe4 b3 56. Qxf4 b2 57. Qe4 1-0

[Event "Guernsey Holiday"]
[Site "Guernsey GCI"]
[Date "2006.10.15"]
[Round "1"]
[White "Brooker, Chris H"]
[Black "Palmer, Eric"]
[Result "1-0"]
[WhiteElo "1700"]
[BlackElo "1575"]
[PlyCount "73"]
[EventDate "2006.10.15"]
[SourceDate "2006.11.12"]

1. f4 d5 2. e3 Nf6 3. Nf3 a6 4. b3 g6 5. Bb2 Bg7 6. Be2 O-O 7. O-O c5 8. d3 Nc6
9. Ne5 Qc7 10. Nxc6 Qxc6 11. Bf3 e6 12. c4 Qb6 13. Qe1 Bd7 14. Nd2 Bc6 15. h3
Rfd8 16. g4 d4 17. e4 Qc7 18. Be2 e5 19. fxe5 Nd7 20. e6 fxe6 21. Nf3 e5 22.
Ng5 Re8 23. Qf2 Nf6 24. Qh4 h6 25. Nf3 g5 26. Qg3 Re6 27. Nd2 Be8 28. Nf3 Bg6
29. h4 Nh7 30. Rf2 Rf8 31. Raf1 Qe7 32. Bc1 Bf6 33. hxg5 Bxg5 34. Nxg5 hxg5 35.
Rxf8+ Nxf8 36. Qf3 Bh7 37. Bxg5 1-0

[Event "Guernsey Holiday"]
[Site "Guernsey GCI"]
[Date "2006.10.15"]
[Round "1"]
[White "Moriarty, Tom"]
[Black "Kok, Franciscus"]
[Result "1/2-1/2"]
[WhiteElo "1565"]
[BlackElo "1685"]
[PlyCount "50"]
[EventDate "2006.10.15"]
[SourceDate "2006.11.12"]

1. d4 Nf6 2. e3 d5 3. Nf3 e6 4. Bd3 c5 5. c3 c4 6. Bc2 Bd6 7. O-O O-O 8. Nbd2
b5 9. e4 dxe4 10. Nxe4 Bb7 11. Bg5 Be7 12. Qe2 Nbd7 13. Rad1 Nxe4 14. Bxe7 Qxe7
15. Bxe4 Bxe4 16. Qxe4 Nf6 17. Qe2 Nd5 18. g3 a6 19. Rfe1 Rac8 20. a3 a5 21.
Nh4 Rc6 22. Qd2 a4 23. Nf5 Qf6 24. Ne3 Rd8 25. Nxd5 exd5 1/2-1/2

[Event "Guernsey Holiday"]
[Site "Guernsey GCI"]
[Date "2006.10.15"]
[Round "1"]
[White "Harnden, Terry"]
[Black "Egan, Colm"]
[Result "0-1"]
[WhiteElo "1515"]
[BlackElo "1679"]
[PlyCount "86"]
[EventDate "2006.10.15"]
[SourceDate "2006.11.12"]

1. e4 c5 2. Nf3 Nc6 3. d4 cxd4 4. Nxd4 e5 5. Nf5 d5 6. Ng3 d4 7. Bc4 Nf6 8. O-O
Bc5 9. Bg5 h6 10. Bxf6 Qxf6 11. Nd2 Be6 12. Bxe6 Qxe6 13. Qf3 g6 14. Qb3 Qe7
15. a3 h5 16. h3 O-O 17. Qf3 Qg5 18. Qd3 a6 19. b4 Ba7 20. Nc4 b5 21. Nd2 Nd8
22. Nf3 Qf6 23. Qb3 Rc8 24. Ne2 Bb8 25. Rac1 Ne6 26. Qd3 Rc6 27. c4 dxc3 28.
Rxc3 Rxc3 29. Qxc3 Nc7 30. Qd3 Rd8 31. Rd1 Kg7 32. Qb3 Qd6 33. Rd3 Ne8 34. Ng3
Qc6 35. Ng5 Qc1+ 36. Kh2 Qxg5 37. Rf3 Qe7 38. Qd1 h4 39. Nf5+ gxf5 40. Rxf5 Nf6
41. Rg5+ Kf8 42. Qd3 Nxe4 43. Rg4 Nxf2 0-1

[Event "Guernsey Holiday"]
[Site "Guernsey GCI"]
[Date "2006.10.15"]
[Round "1"]
[White "Haisma, Henk"]
[Black "Nalichowski, Bogdan"]
[Result "1-0"]
[WhiteElo "1664"]
[BlackElo "1505"]
[PlyCount "120"]
[EventDate "2006.10.15"]
[SourceDate "2006.11.12"]

1. b4 e5 2. Bb2 d5 3. Bxe5 Nc6 4. Bb2 Nxb4 5. a3 Nc6 6. Nf3 d4 7. g3 Bc5 8. d3
Bg4 9. Bg2 f6 10. Nbd2 b5 11. Nb3 Bb6 12. Nbxd4 Nxd4 13. Nxd4 Bxd4 14. Bxd4
Qxd4 15. Bxa8 Bh3 16. e3 Qc5 17. Qd2 c6 18. d4 Qb6 19. d5 Bg2 20. Bxc6+ Kf7 21.
Rg1 Bf3 22. Qb4 a6 23. Qb3 Kg6 24. Qd3+ Kf7 25. e4 Bg4 26. h3 Bh5 27. g4 Bg6
28. Rg3 Ne7 29. Rd1 h6 30. Re3 Rd8 31. Qc3 Kf8 32. Qb4 Kf7 33. a4 Nxc6 34. dxc6
Rxd1+ 35. Kxd1 Qxc6 36. axb5 axb5 37. f3 Kg8 38. Rb3 Be8 39. Qd4 Bf7 40. Rc3
Qa6 41. Qc5 Bc4 42. Ra3 Qb7 43. Ra7 Qb8 44. Qc7 Qf8 45. Qe7 Qxe7 46. Rxe7 g5
47. Ke1 Bf7 48. Kf2 Bc4 49. Rc7 Ba2 50. Ke3 Bc4 51. Rxc4 bxc4 52. Kd4 c3 53.
Kxc3 Kf7 54. Kd4 Ke6 55. c4 Kd6 56. c5+ Kc6 57. Kc4 Kd7 58. Kd5 Ke7 59. c6 Kd8
60. Kd6 Ke8 1-0

[Event "Guernsey Holiday"]
[Site "Guernsey GCI"]
[Date "2006.10.15"]
[Round "1"]
[White "Herschmann, Heinz"]
[Black "Jongerius, Marc"]
[Result "0-1"]
[WhiteElo "1280"]
[BlackElo "1651"]
[PlyCount "52"]
[EventDate "2006.10.15"]
[SourceDate "2006.11.12"]

1. e4 e5 2. Nf3 Nc6 3. d4 exd4 4. Nxd4 Bc5 5. Nxc6 Qf6 6. Qf3 Qxc6 7. Bd3 Qf6
8. Qxf6 Nxf6 9. f3 O-O 10. Ke2 Re8 11. Be3 Bxe3 12. Kxe3 d5 13. Nd2 Bf5 14. Kf4
dxe4 15. fxe4 Bg6 16. g4 Rad8 17. h4 h5 18. g5 Ng4 19. Rhe1 Ne5 20. Re3 c5 21.
Nc4 Ng4 22. Re2 b5 23. Ne3 c4 24. Nxc4 bxc4 25. Bxc4 Rd4 26. Bd5 Rxd5 0-1

[Event "Guernsey Holiday"]
[Site "Guernsey GCI"]
[Date "2006.10.15"]
[Round "1"]
[White "Kershaw, Graham J"]
[Black "Le Maitre, Richard"]
[Result "1-0"]
[WhiteElo "1640"]
[BlackElo "1420"]
[PlyCount "65"]
[EventDate "2006.10.15"]
[SourceDate "2006.11.12"]

1. e4 c5 2. Nf3 d6 3. d4 cxd4 4. Nxd4 Nc6 5. c4 Nf6 6. Nc3 g6 7. Be3 Bg7 8. Be2
Bd7 9. O-O O-O 10. f4 Re8 11. Rc1 Rc8 12. b3 a6 13. Bf3 Nxd4 14. Bxd4 Bc6 15.
Be3 e6 16. Qc2 Qe7 17. Rcd1 Rcd8 18. Bb6 Rc8 19. Rd2 Nd7 20. Bf2 Nc5 21. Ne2
Rcd8 22. Ng3 b5 23. Rfd1 bxc4 24. Qxc4 Bb5 25. Qc2 Nb7 26. Qb1 Rc8 27. a4 Bc6
28. Rc2 Red8 29. Qc1 Qd7 30. h3 Re8 31. Be2 a5 32. Bb6 Qe7 33. Rxc6 1-0

[Event "Guernsey Holiday"]
[Site "Guernsey GCI"]
[Date "2006.10.15"]
[Round "1"]
[White "Brent, Derek"]
[Black "Bakkes, Frits"]
[Result "1-0"]
[WhiteElo "1336"]
[BlackElo "1639"]
[PlyCount "47"]
[EventDate "2006.10.15"]
[SourceDate "2006.11.12"]

1. e4 c5 2. c3 Nc6 3. Nf3 e6 4. d4 cxd4 5. cxd4 Bb4+ 6. Nc3 Nf6 7. Bd3 O-O 8.
O-O d5 9. e5 Bxc3 10. exf6 g6 11. bxc3 Qxf6 12. Bg5 Qg7 13. Qd2 Re8 14. Bh6 Qh8
15. Rfe1 Bd7 16. Qg5 f6 17. Qg3 Ne7 18. Re3 Kf7 19. Qc7 Bc6 20. g4 Rac8 21. Qf4
Ng8 22. Ng5+ Ke7 23. Rxe6+ Kd8 24. Nf7+ 1-0

[Event "Guernsey Holiday"]
[Site "Guernsey GCI"]
[Date "2006.10.15"]
[Round "1"]
[White "Heymuth, Manfred"]
[Black "Brown, Jim"]
[Result "1-0"]
[WhiteElo "1633"]
[BlackElo "1128"]
[PlyCount "79"]
[EventDate "2006.10.15"]
[SourceDate "2006.11.12"]

1. e4 d6 2. f4 Nd7 3. Nf3 e6 4. d4 Be7 5. Bc4 c6 6. O-O Qc7 7. f5 e5 8. Ng5
Bxg5 9. Bxg5 Ngf6 10. dxe5 dxe5 11. Nc3 O-O 12. h4 h6 13. Be3 b5 14. Bb3 a5 15.
a4 b4 16. Ne2 Nxe4 17. c3 bxc3 18. Nxc3 Nxc3 19. bxc3 Kh8 20. f6 Nxf6 21. Rxf6
gxf6 22. Qh5 Kg8 23. Bc2 f5 24. Bxh6 Qe7 25. Bxf8 Qxf8 26. Bxf5 Bxf5 27. Qxf5
Qc5+ 28. Kh2 Qxc3 29. Rf1 Qc4 30. h5 Qh4+ 31. Kg1 Qd4+ 32. Rf2 Qd1+ 33. Kh2 Qd5
34. Rf3 e4 35. Rg3+ Kf8 36. Qf6 Ra7 37. h6 Qh5+ 38. Rh3 Qg6 39. Qd4 c5 40.
Qxc5+ 1-0

[Event "Guernsey Holiday"]
[Site "Guernsey GCI"]
[Date "2006.10.15"]
[Round "1"]
[White "Cox, Reginald E"]
[Black "Onwezen, Eric"]
[Result "0-1"]
[WhiteElo "1088"]
[BlackElo "1630"]
[PlyCount "64"]
[EventDate "2006.10.15"]
[SourceDate "2006.11.12"]

1. e4 e5 2. d3 Nc6 3. Nd2 Bc5 4. Ngf3 d6 5. h3 f5 6. Nb3 Bb6 7. Bg5 Nf6 8. d4
fxe4 9. dxe5 exf3 10. Qxf3 Nxe5 11. Qe2 O-O 12. O-O-O a5 13. f4 Nc6 14. Qc4+
Kh8 15. Bd3 a4 16. Nd2 Be3 17. a3 Bxd2+ 18. Rxd2 Re8 19. h4 Ra5 20. Qa2 Be6 21.
Qa1 Rc5 22. Re1 Nd4 23. Kd1 Bg4+ 24. Be2 Bxe2+ 25. Rdxe2 Rxe2 26. Rxe2 Nxe2 27.
Kxe2 Qe7+ 28. Kf1 Rxc2 29. Qd1 Qe4 30. Qf3 Qxf3+ 31. gxf3 Rxb2 32. Bxf6 gxf6
0-1

[Event "Guernsey Holiday"]
[Site "Guernsey GCI"]
[Date "2006.10.15"]
[Round "1"]
[White "Foster, Paul"]
[Black "James, Howard"]
[Result "1/2-1/2"]
[WhiteElo "1600"]
[BlackElo "1450"]
[PlyCount "66"]
[EventDate "2006.10.15"]
[SourceDate "2006.11.12"]

1. e4 e6 2. d4 d6 3. Nf3 Be7 4. Bd3 c6 5. c3 a6 6. a4 b6 7. Qc2 Qc7 8. O-O e5
9. Bg5 Nf6 10. Nbd2 O-O 11. h3 Nbd7 12. b4 c5 13. bxc5 bxc5 14. d5 a5 15. Rfb1
Ba6 16. Bxa6 Rxa6 17. Nc4 Nb6 18. Na3 Qd7 19. Nb5 h6 20. Bxf6 Bxf6 21. c4 Be7
22. Nd2 f5 23. f3 Bg5 24. Rd1 Bxd2 25. Rxd2 f4 26. Qd3 Qe7 27. Rc2 Rf6 28. Qe2
Rg6 29. Qf2 Qd7 30. Kf1 Ra8 31. Ke2 Rg3 32. Kd3 Rf8 33. Qd2 Ra8 1/2-1/2

[Event "Guernsey Holiday"]
[Site "Guernsey GCI"]
[Date "2006.10.15"]
[Round "1"]
[White "Newrick, William R"]
[Black "Guttridge, David"]
[Result "0-1"]
[WhiteElo "1400"]
[BlackElo "1608"]
[PlyCount "58"]
[EventDate "2006.10.15"]
[SourceDate "2006.11.12"]

1. d4 e6 2. c4 f5 3. h4 Nf6 4. Nc3 d5 5. Nf3 c6 6. Qc2 Bd6 7. e3 Ne4 8. Bd2 Nd7
9. cxd5 exd5 10. Bd3 Ndf6 11. Bxe4 fxe4 12. Ne5 Bxe5 13. dxe5 Ng4 14. Ne2 Nxe5
15. Bc3 Qe7 16. Bxe5 Qxe5 17. O-O-O Bg4 18. Rde1 Bxe2 19. Rxe2 O-O-O 20. f4
exf3 21. gxf3 g6 22. f4 Qe6 23. h5 Rhe8 24. hxg6 hxg6 25. Rh6 d4 26. Rxg6 Qf7
27. exd4 Rxe2 28. Rxc6+ bxc6 29. Qxc6+ Qc7 0-1

[Event "Guernsey Holiday"]
[Site "Guernsey GCI"]
[Date "2006.10.16"]
[Round "2"]
[White "Onwezen, Eric"]
[Black "Gibson, John"]
[Result "1-0"]
[WhiteElo "1630"]
[BlackElo "1744"]
[PlyCount "77"]
[EventDate "2006.10.15"]
[SourceDate "2006.11.12"]

1. e4 g6 2. d4 Bg7 3. c3 d6 4. Bc4 e6 5. Be3 Nd7 6. Qd2 Nb6 7. Bb3 a5 8. Ne2 a4
9. Bc2 Nc4 10. Qc1 Nxe3 11. Qxe3 Ne7 12. Nd2 Bd7 13. a3 O-O 14. f4 f5 15. h4 h5
16. g3 Kh8 17. Nf3 Ng8 18. Ng5 Nh6 19. e5 Ng4 20. Qd3 Qe8 21. c4 b5 22. Nc3
bxc4 23. Qxc4 Ne3 24. Qe2 Nxc2+ 25. Qxc2 Rb8 26. O-O Rb3 27. Rab1 dxe5 28. dxe5
Qe7 29. Rfd1 Bh6 30. Qe2 Bxg5 31. hxg5 Rfb8 32. Qd2 Bc6 33. Kh2 Qc5 34. Na2 Be4
35. Rbc1 Qb6 36. Nb4 c5 37. Qd7 cxb4 38. Rc8+ Rxc8 39. Qxc8+ 1-0

[Event "Guernsey Holiday"]
[Site "Guernsey GCI"]
[Date "2006.10.16"]
[Round "2"]
[White "Nalichowski, Sebastian"]
[Black "Heymuth, Manfred"]
[Result "0-1"]
[WhiteElo "1740"]
[BlackElo "1633"]
[PlyCount "42"]
[EventDate "2006.10.15"]
[SourceDate "2006.11.12"]

1. e4 c6 2. d4 d5 3. e5 Bf5 4. h4 h5 5. Ne2 e6 6. Ng3 g6 7. Nxf5 exf5 8. Nd2 c5
9. Nf3 cxd4 10. Qxd4 Nc6 11. Qa4 a6 12. Bg5 Qd7 13. O-O-O Nxe5 14. Qd4 Nxf3 15.
Qxh8 Nxg5 16. hxg5 Ne7 17. Qc3 Rc8 18. Qb3 Bg7 19. g4 fxg4 20. Bg2 Qf5 21. Qe3
Qxc2# 0-1

[Event "Guernsey Holiday"]
[Site "Guernsey GCI"]
[Date "2006.10.16"]
[Round "2"]
[White "Guttridge, David"]
[Black "Paardekam, Rene"]
[Result "1/2-1/2"]
[WhiteElo "1608"]
[BlackElo "1732"]
[PlyCount "52"]
[EventDate "2006.10.15"]
[SourceDate "2006.11.12"]

1. e4 Nf6 2. e5 Nd5 3. Nc3 e6 4. Nf3 d6 5. exd6 Bxd6 6. Bc4 Nb6 7. Bb3 Nc6 8.
d3 O-O 9. Bg5 Be7 10. Bxe7 Qxe7 11. Qd2 Rd8 12. a3 e5 13. h3 Be6 14. Bxe6 Qxe6
15. O-O-O Nd5 16. Ng5 Qe7 17. Nge4 Nd4 18. Nxd5 Rxd5 19. Nc3 Qc5 20. Kb1 Rd7
21. f4 exf4 22. Qxf4 b5 23. Rhe1 Ne6 24. Qg3 Nd4 25. Re5 Qc6 26. Rde1 Rdd8
1/2-1/2

[Event "Guernsey Holiday"]
[Site "Guernsey GCI"]
[Date "2006.10.16"]
[Round "2"]
[White "Carlucci, Paul A"]
[Black "Stanners, Michael J"]
[Result "0-1"]
[WhiteElo "1728"]
[BlackElo "1624"]
[PlyCount "54"]
[EventDate "2006.10.15"]
[SourceDate "2006.11.12"]

1. d4 d6 2. Nf3 Nf6 3. e3 Bg4 4. Be2 e6 5. O-O d5 6. b3 c5 7. Bb2 Nc6 8. Nbd2
Bd6 9. h3 Bxf3 10. Nxf3 O-O 11. a3 a6 12. c4 cxd4 13. exd4 Rc8 14. c5 Bc7 15.
Ne5 Nxe5 16. dxe5 Nd7 17. c6 bxc6 18. Bxa6 Rb8 19. Re1 c5 20. Rb1 Rb6 21. Bd3
Qb8 22. Qc2 g6 23. f4 Rxb3 24. Red1 Qb6 25. Bc4 dxc4 26. Rxd7 c3 27. Rxc7 Rxb2
0-1

[Event "Guernsey Holiday"]
[Site "Guernsey GCI"]
[Date "2006.10.16"]
[Round "2"]
[White "Ince, Darren"]
[Black "Brooker, Chris H"]
[Result "1/2-1/2"]
[WhiteElo "1528"]
[BlackElo "1700"]
[PlyCount "161"]
[EventDate "2006.10.15"]
[SourceDate "2006.11.12"]

1. d4 Nf6 2. Nf3 e6 3. Bg5 b6 4. Nbd2 Bb7 5. e3 c5 6. c3 Be7 7. Bd3 d5 8. Bb5+
Nfd7 9. Bxe7 Qxe7 10. Ne5 O-O 11. Nxd7 Nxd7 12. Bxd7 Qxd7 13. Nf3 Ba6 14. Ne5
Qb5 15. Qd2 f6 16. a4 Qe8 17. Nd3 cxd4 18. exd4 Qg6 19. Nf4 Qf7 20. b4 Bc4 21.
Nd3 e5 22. Nb2 exd4 23. Nxc4 Rfe8+ 24. Ne3 dxe3 25. fxe3 Rxe3+ 26. Qxe3 Re8 27.
Qxe8+ Qxe8+ 28. Kd2 Qe4 29. g3 d4 30. Rae1 Qg2+ 31. Kd3 dxc3 32. Kxc3 Qf3+ 33.
Kb2 Kf7 34. Rc1 Kg6 35. Rhd1 Qe2+ 36. Kc3 Qxh2 37. Kc4 Qa2+ 38. Kb5 a6+ 39.
Kxa6 Qxa4+ 40. Kxb6 Qxb4+ 41. Kc6 Qe4+ 42. Kc5 h5 43. Re1 Qg4 44. Kd5 Kg5 45.
Rh1 g6 46. Ra1 Qe2 47. Rae1 Qa2+ 48. Kd4 Qf2+ 49. Ke4 f5+ 50. Kd5 Kg4 51. Reg1
Qe3 52. Rh4+ Kg5 53. Rhh1 Kf6 54. Kd6 Qd3+ 55. Kc5 Qe3+ 56. Kd5 g5 57. Kc4 Qe4+
58. Kc5 f4 59. gxf4 gxf4 60. Kd6 f3 61. Kc5 Qf4 62. Kd5 f2 63. Rd1 h4 64. Kc5
Ke6 65. Rb1 Qg3 66. Kd4 h3 67. Ke4 h2 68. Rb6+ Kd7 69. Rbb1 Ke7 70. Kf5 Qg1 71.
Ke5 Qg3+ 72. Kf5 Qf3+ 73. Ke5 Kf7 74. Rbc1 Kg6 75. Kd4 Kg5 76. Rc5+ Kg4 77.
Rcc1 Kg3 78. Rhd1 Qg4+ 79. Kd3 Qxd1+ 80. Rxd1 Kg2 81. Ke2 1/2-1/2

[Event "Guernsey Holiday"]
[Site "Guernsey GCI"]
[Date "2006.10.16"]
[Round "2"]
[White "Egan, Colm"]
[Black "Kearsley, Ray J"]
[Result "1-0"]
[WhiteElo "1679"]
[BlackElo "1640"]
[PlyCount "53"]
[EventDate "2006.10.15"]
[SourceDate "2006.11.12"]

1. d4 Nf6 2. Nf3 g6 3. Bf4 Bg7 4. Nc3 d6 5. e4 O-O 6. Qd2 c6 7. Bh6 b5 8. Bxg7
Kxg7 9. a3 Qc7 10. Be2 Bb7 11. e5 Nfd7 12. e6 Nf6 13. exf7 Qd7 14. h4 Rxf7 15.
h5 Nxh5 16. Ng5 Rf8 17. Bxh5 gxh5 18. Rxh5 h6 19. Nge4 Qe6 20. O-O-O Nd7 21.
Rdh1 Rh8 22. R1h3 Nf8 23. f4 c5 24. d5 Qf7 25. Rg3+ Ng6 26. f5 Raf8 27. Rxg6+
1-0

[Event "Guernsey Holiday"]
[Site "Guernsey GCI"]
[Date "2006.10.16"]
[Round "2"]
[White "Collins, Alan"]
[Black "Haisma, Henk"]
[Result "0-1"]
[WhiteElo "1496"]
[BlackElo "1664"]
[PlyCount "65"]
[EventDate "2006.10.15"]
[SourceDate "2006.11.12"]

1. d4 d5 2. c4 c6 3. cxd5 cxd5 4. Nc3 Nf6 5. Nf3 e6 6. Bg5 h6 7. Bh4 Be7 8. e3
Nc6 9. h3 Nd7 10. Bg3 O-O 11. Bd3 f5 12. O-O Nf6 13. Ne5 Nxe5 14. Bxe5 Bd6 15.
Bxf6 Rxf6 16. f4 a6 17. a4 Bd7 18. Rf2 g5 19. Ne2 Be8 20. Ng3 Qc7 21. Rc1 Qg7
22. Nh5 Bxh5 23. Qxh5 gxf4 24. exf4 Rg6 25. Bxf5 exf5 26. Qxf5 Qf7 27. Qd3 Rf8
28. f5 Rg7 29. Qf1 Qf6 30. Re1 Qxd4 31. Kh1 Re7 32. Rd1 Qe5 33. g4 0-1

[Event "Guernsey Holiday"]
[Site "Guernsey GCI"]
[Date "2006.10.16"]
[Round "2"]
[White "Jongerius, Marc"]
[Black "Collier, Michael J"]
[Result "0-1"]
[WhiteElo "1651"]
[BlackElo "1536"]
[PlyCount "48"]
[EventDate "2006.10.15"]
[SourceDate "2006.11.12"]

1. e4 c5 2. Nf3 d6 3. c3 g6 4. Be2 Bg7 5. O-O Nf6 6. e5 dxe5 7. Nxe5 O-O 8. d4
cxd4 9. cxd4 Nbd7 10. Qb3 Nb6 11. Rd1 Be6 12. Qd3 Rc8 13. Nc3 Nfd5 14. Bf3 Nxc3
15. bxc3 Nd5 16. Bd2 Bf5 17. Qb5 Nxc3 18. Bxc3 Rxc3 19. Bxb7 Qc7 20. Nc6 Rc2
21. Qb4 Bf6 22. Rdc1 Rxc1+ 23. Rxc1 Rb8 24. Nxe7+ Qxe7 0-1

[Event "Guernsey Holiday"]
[Site "Guernsey GCI"]
[Date "2006.10.16"]
[Round "2"]
[White "Brent, Derek"]
[Black "Kershaw, Graham J"]
[Result "0-1"]
[WhiteElo "1336"]
[BlackElo "1640"]
[PlyCount "38"]
[EventDate "2006.10.15"]
[SourceDate "2006.11.12"]

1. e4 e6 2. d4 d5 3. Nc3 Bb4 4. e5 c5 5. Nf3 Nc6 6. Bb5 Bd7 7. Bxc6 Bxc6 8. a3
Bxc3+ 9. bxc3 Bb5 10. dxc5 Ne7 11. Qd4 Nc6 12. Qf4 Rc8 13. Nd4 Ba6 14. Qg3 Kf8
15. f4 Qa5 16. Nb3 Qb5 17. Qf2 Qc4 18. Bd2 Ne7 19. g4 Qe4+ 0-1

[Event "Guernsey Holiday"]
[Site "Guernsey GCI"]
[Date "2006.10.16"]
[Round "2"]
[White "Moriarty, Tom"]
[Black "Foster, Paul"]
[Result "0-1"]
[WhiteElo "1565"]
[BlackElo "1600"]
[PlyCount "72"]
[EventDate "2006.10.15"]
[SourceDate "2006.11.12"]

1. d4 Nf6 2. e3 b6 3. Nf3 Bb7 4. Bd3 e6 5. Nbd2 c5 6. c3 cxd4 7. exd4 d6 8. O-O
Be7 9. Re1 O-O 10. Ne4 Nxe4 11. Bxe4 Bxe4 12. Rxe4 d5 13. Re1 Nd7 14. Ne5 Nxe5
15. Rxe5 Bf6 16. Re2 Qd6 17. Qe1 b5 18. g3 a5 19. Bf4 Qb6 20. Qd2 g6 21. Be5
Bg7 22. Bxg7 Kxg7 23. Qe3 Qd6 24. Qe5+ Qxe5 25. Rxe5 b4 26. Rc1 Rfc8 27. Ree1
Rab8 28. cxb4 Rxc1 29. Rxc1 Rxb4 30. Rc2 Rxd4 31. b3 a4 32. bxa4 Rxa4 33. Kf1
h5 34. Ke2 Ra3 35. f3 g5 36. Kf2 Kg6 0-1

[Event "Guernsey Holiday"]
[Site "Guernsey GCI"]
[Date "2006.10.16"]
[Round "2"]
[White "James, Howard"]
[Black "Finch, Russell"]
[Result "0-1"]
[WhiteElo "1450"]
[BlackElo "1725"]
[PlyCount "66"]
[EventDate "2006.10.15"]
[SourceDate "2006.11.12"]

1. d4 Nf6 2. c3 b6 3. e3 Bb7 4. Nf3 e6 5. Be2 Be7 6. O-O O-O 7. Nbd2 d6 8. Qc2
Nbd7 9. Bd3 Re8 10. a3 Rc8 11. e4 h6 12. Re1 c5 13. Qa4 a6 14. Qc2 cxd4 15.
Nxd4 Ne5 16. N2f3 Nfd7 17. Bf4 Nxd3 18. Qxd3 e5 19. Nf5 exf4 20. Nxe7+ Qxe7 21.
Qd4 Qf6 22. e5 Nxe5 23. Nxe5 dxe5 24. Qd7 Bc6 25. Qa7 Qg6 26. g3 Qg4 27. Qxa6
Qf3 28. Kf1 Qg2+ 29. Ke2 Bf3+ 30. Kd2 Qxf2+ 31. Re2 Red8+ 32. Kc2 Bxe2 33. Qxb6
Bd3+ 0-1